| 000 | 00561nam a2200217 a 4500 | ||
|---|---|---|---|
| 999 |
_c5564 _d5564 |
||
| 001 | 5564 | ||
| 003 | BD-JhCC | ||
| 005 | 20171218113049.0 | ||
| 008 | 171218s1967 e |||| || | 000 0 eng d | ||
| 035 | _a(BD-JhCC)5564 | ||
| 040 |
_aBD-JhCC _dBD-JhCC |
||
| 041 | _aeng | ||
| 082 |
_a615.0151 _bROS 1967 |
||
| 100 | _aRosier, Margaret | ||
| 245 |
_aNursing Mathematics / _cMargaret Rosier, |
||
| 260 |
_aLondon : _bOxford University Press, _c1967. |
||
| 300 |
_a242 p. : _c19 cm. |
||
| 650 | _aPharmaceutical arithmetic | ||
| 942 |
_2ddc _cBK |
||